Top 10-Fastest developing nations! - Statistics

General Stats
  • This quiz has been taken 126 times
  • The average score is 5 of 10
Answer Stats
Continent Answer % Correct
S America Ecuador
75%
S America Uruguay
67%
Africa South Africa
63%
N America Costa Rica
59%
N America Nicaragua
46%
Eurasia Georgia
43%
Asia Kazakhstan
35%
Asia Azerbaijan
33%
Africa Libya
21%
Africa Mali
19%
No matching quizzes found
Score Distribution
Percent of People with Each Score
Percentile by Number Answered
Your Score History
You have not taken this quiz